Betclic 1 Liga 2024/2025 - Statystyki

Ogólne statystyki
  • Ten quiz został rozwiązany 78 razy
  • Średni wynik to 16 z 18
Statystyki odpowiedzi
Skrót Klub % Poprawnych
WIS Wisła Kraków
98%
ARK Arka Gdynia
97%
ZNI Znicz Pruszków
97%
ODR Odra Opole
95%
RCH Ruch Chorzów
95%
MIE Miedź Legnica
94%
WAR Warta Poznań
94%
WPŁ Wisła Płock
94%
KOT Kotwica Kołobrzeg
92%
ŁKS ŁKS Łódź
92%
POL Polonia Warszawa
92%
TYC GKS Tychy
91%
STW Stal Stalowa Wola
91%
CHR Chrobry Głogów
88%
GKŁ Górnik Łęczna
88%
BBT Bruk-Bet Termalica Nieciecza
84%
STA Stal Rzeszów
81%
PGS Pogoń Siedlce
80%
Nie znaleziono quizów pasujących do podanych kryteriów
Rozkład punktacji
Procent ludzi z każdym wynikiem
Percentyl według liczby udzielonych odpowiedzi
Twoja historia wyników
Nie rozwiązałeś tego quizu